Educar en l'ús saludable de les pantalles : Guia per a famílies / Guia per a famílies /
Descripción Física:
23 pàgines ; il·lustracions en color ; 21 x 30 cm
Materias:
Adolescents -- Xarxes socials -- Aspectes psicològics
; Adolescents i Internet -- Aspectes psicològics
; Adolescents -- Assistència institucional -- Barcelona (Catalunya : Província)
; Fulletons
Idioma:
Catalán
MARC
| LEADER | 00000nam a22000007a 4500 | ||
|---|---|---|---|
| 001 | 28392 | ||
| 003 | AGDB | ||
| 005 | 20260324181521.0 | ||
| 008 | 240226b spa||||| |||| 00| 0 cat d | ||
| 017 | |a B 20425-2023 | ||
| 040 | |a agdb |b cat | ||
| 041 | |a cat | ||
| 110 | 1 | |a Barcelona (Catalunya : Província). |b Centre de Prevenció i Intervenció en Drogodependències SPOTT |9 52862 | |
| 245 | |a Educar en l'ús saludable de les pantalles : |b Guia per a famílies / |c Centre SPOTT | ||
| 260 | |a Barcelona : |b Diputació de Barcelona ; |c 2023 | ||
| 300 | |a 23 pàgines ; |b il·lustracions en color ; |c 21 x 30 cm | ||
| 546 | |a També en castellà (R. 28393) | ||
| 650 | 0 | |a Adolescents |x Xarxes socials |x Aspectes psicològics |9 56139 | |
| 650 | 0 | |a Adolescents i Internet |x Aspectes psicològics |9 56140 | |
| 650 | 0 | |a Adolescents |x Assistència institucional |x Barcelona (Catalunya : Província) |9 31486 | |
| 655 | 0 | |a Fulletons |9 55858 | |
| 710 | |a Barcelona (Catalunya : Província). |b Àrea de Sostenibilitat Social, Cicle de Vida i Comunitat |9 70555 | ||
| 710 | |a Barcelona (Catalunya : Província). |b Gerència de Serveis Socials |9 55835 | ||
| 942 | |2 udc |c ARXIU |n 1 | ||
| 952 | |0 0 |1 0 |4 0 |6 FU7640 |7 1 |9 96763 |a Arxiu |b Arxiu |d 2024-02-26 |l 0 |o FU-76-40 |p 28392 |r 2024-02-26 00:00:00 |w 2024-02-26 |y ARXIU | ||
| 999 | |c 128609 |d 128609 | ||